<?xml version="1.0" encoding="UTF-8"?><?xml-stylesheet type="text/xsl" href="static/style.xsl"?><OAI-PMH xmlns="http://www.openarchives.org/OAI/2.0/" xmlns:xsi="http://www.w3.org/2001/XMLSchema-instance" xsi:schemaLocation="http://www.openarchives.org/OAI/2.0/ http://www.openarchives.org/OAI/2.0/OAI-PMH.xsd"><responseDate>2026-06-07T19:38:43Z</responseDate><request verb="GetRecord" identifier="oai:docta.ucm.es:20.500.14352/53864" metadataPrefix="marc">https://docta.ucm.es/rest/oai/request</request><GetRecord><record><header><identifier>oai:docta.ucm.es:20.500.14352/53864</identifier><datestamp>2023-09-07T15:12:08Z</datestamp><setSpec>com_20.500.14352_14</setSpec><setSpec>col_20.500.14352_21</setSpec></header><metadata><record xmlns="http://www.loc.gov/MARC21/slim" xmlns:dcterms="http://purl.org/dc/terms/" xmlns:xsi="http://www.w3.org/2001/XMLSchema-instance" xmlns:doc="http://www.lyncode.com/xoai" xsi:schemaLocation="http://www.loc.gov/MARC21/slim http://www.loc.gov/standards/marcxml/schema/MARC21slim.xsd">
   <leader>00925njm 22002777a 4500</leader>
   <datafield ind2=" " ind1=" " tag="042">
      <subfield code="a">dc</subfield>
   </datafield>
   <datafield ind2=" " ind1=" " tag="720">
      <subfield code="a">Rodríguez López, Carolina</subfield>
      <subfield code="e">author</subfield>
   </datafield>
   <datafield ind2=" " ind1=" " tag="260">
      <subfield code="c">2008</subfield>
   </datafield>
   <datafield ind2=" " ind1=" " tag="520">
      <subfield code="a">Se trata de un capítulo incluído en el volumen colectivo publicado en conmemoración del 75 aniversario de la inaguración de la Facultad de Filosofía y Letras en la Ciudad Universitaria de Madrid. Se analiza la presencia femenina en las aulas en el período republicano tanto en calidad de alumnas como de docentes. En efecto, durante ese período se alcanzaron las cifras más elevadas en el número de alumnas y algunas de las más destacadas comenzaron su andadura profesional como ayudantes y auxiliares. Esta llamativa presencia fenemina no pasó desapercibida en el momento en que el edificio se inauguraba. El brusco corte provocado por la guerra civil haría que esa celebrada presencia fenemina tuviera que esperar mucho tiempo para volver a producirse.</subfield>
   </datafield>
   <datafield ind1="8" ind2=" " tag="024">
      <subfield code="a">978-84-96411-60-9 / 978-84-96102-41-5 / 978-84-96656-53-6</subfield>
   </datafield>
   <datafield ind1="8" ind2=" " tag="024">
      <subfield code="a">https://hdl.handle.net/20.500.14352/53864</subfield>
   </datafield>
   <datafield ind2="0" ind1="0" tag="245">
      <subfield code="a">Las Universitarias</subfield>
   </datafield>
</record></metadata></record></GetRecord></OAI-PMH>